Hostos insepulto : (Registro nro. 14463)

Detalles MARC
000 -LEADER
fixed length control field 01023nam a22002777a 4500
003 - CONTROL NUMBER IDENTIFIER
control field DO-SdBNP
005 - DATE AND TIME OF LATEST TRANSACTION
control field 20230815104151.0
007 - PHYSICAL DESCRIPTION FIXED FIELD--GENERAL INFORMATION
fixed length control field ta
008 - FIXED-LENGTH DATA ELEMENTS--GENERAL INFORMATION
fixed length control field 211108b2003 pr | 00| 0 spa d
020 ## - INTERNATIONAL STANDARD BOOK NUMBER
International Standard Book Number 1932271201
040 ## - CATALOGING SOURCE
Original cataloging agency DO-SdBNP
Language of cataloging spa
Transcribing agency BPMSU
082 #4 - DEWEY DECIMAL CLASSIFICATION NUMBER
Classification number 301.15
Item number H831M 2003
Edition number 22
100 1# - MAIN ENTRY--PERSONAL NAME
Personal name Mori González, Roberto
245 10 - TITLE STATEMENT
Title Hostos insepulto :
Remainder of title ensayos en la búsqueda de la utopía inconclusa /
Statement of responsibility, etc. Roberto Mori González.
260 ## - PUBLICATION, DISTRIBUTION, ETC. (IMPRINT)
Place of publication, distribution, etc. San Juan, Puerto Rico :
Name of publisher, distributor, etc. Isla Negra,
Date of publication, distribution, etc. 2003.
300 ## - PHYSICAL DESCRIPTION
Extent 199 p. ;
Dimensions 23 cm.
490 0# - SERIES STATEMENT
Series statement Visiones y cegueras
500 ## - GENERAL NOTE
General note Incluye datos biográficos del autor en la solapa de la cubierta.
500 ## - GENERAL NOTE
General note Incluye referencias bibliográficas y notas al pie de las páginas.
590 ## - LOCAL NOTE (RLIN)
Local note Inventariado, 2023 /VM<br/>
600 14 - SUBJECT ADDED ENTRY--PERSONAL NAME
Personal name Hostos y Bonilla, Eugenio María de,
Dates associated with a name 1839-1903
General subdivision Pensamiento político y social
650 #4 - SUBJECT ADDED ENTRY--TOPICAL TERM
Topical term or geographic name as entry element Sociología política
651 #4 - SUBJECT ADDED ENTRY--GEOGRAPHIC NAME
Geographic name Puerto Rico
General subdivision Condiciones sociales
Source of heading or term
910 ## - USER-OPTION DATA (OCLC)
User-option data VMateo V. Control de calidad. BPMSU
942 ## - ADDED ENTRY ELEMENTS (KOHA)
Source of classification or shelving scheme Dewey Decimal Classification
Koha item type Libros
Existencias
Withdrawn status Lost status Source of classification or shelving scheme Damaged status Not for loan Collection code Home library Current library Date acquired Total Checkouts Full call number Barcode Date last seen Price effective from Koha item type
    Dewey Decimal Classification     Colección Dominicana Biblioteca Pública Metropolitana Salomé Ureña Biblioteca Pública Metropolitana Salomé Ureña 08/15/2023   BPMSU CD 301.15 H831M 2003 BPMSU23080021 08/15/2023 08/15/2023 Libros